| 000 | 00365nam a2200133Ia 4500 | ||
|---|---|---|---|
| 008 | 220217s9999||||xx |||||||||||||| ||und|| | ||
| 020 | _a81-8404-357-0 | ||
| 082 | _a005.13 HAM | ||
| 100 |
_aHamad, Munir _95538 |
||
| 245 | 0 | _aUsing STAAD pro 2006 | |
| 260 |
_aShroff publishers and dist.Pvt. _bMumbai _c2007 |
||
| 300 | _b375 | ||
| 650 | _aPROGRAMMING LANGUAGE | ||
| 999 |
_c176546 _d176546 |
||